000 00526nam a2200169Ia 4500
003 GCL
008 140319s9999 xx 000 0 ara d
040 _aGCL /
_cGCL
082 0 4 _a398.21
_bم ا
100 1 _aمحمد صقر خفاجة
245 1 0 _aاساطير اليونان /
_cمحمد صقر خفاجة
700 1 _aعبداللطيف احمد على
490 _aالهيئة العامة للاستعلامات
_v0
650 0 4 _aالاساطير
650 0 4 _aالحضارة الاغريقية
942 _2ddc
_cBK
999 _c47166
_d47166